000 00635nam a2200205 a 4500
040 _cCaPaEBR
082 0 4 _a333 WOR 2007 A076 Or.
245 0 0 _aSustainable energy in China
_bthe closing window of opportunity /
260 _aWashington, DC :
_bWorld Bank,
_cc2007.
300 _aliii, 273 p. :
_bill. ;
_c23 cm.
490 1 _aDirections in development. Energy and mining
650 0 _aEnergy industries
650 0 _aEnergy policy
650 0 _aEnergy development
700 1 _aBerrah, Noureddine.
710 2 _aWorld Bank.
710 2 _aebrary, Inc.
856 4 0 _uhttp://site.ebrary.com/lib/yale/Doc?id=10167859
942 _cEK
999 _c15405
_d15405